=LDR 00000nam 2200000 4500 =001 NUTBA000000000003745 =005 20200911102553 =035 ##$$a 0010-081400000000590 =008 200911###########################0###### =020 ##$$a 978-979-29-0303-4 =082 ##$$a 302.35 =100 ##$$a SOPIAH =245 1#$$a PRILAKU ORGANISASIONAL =260 ##$$a YOGYAKARTA :$b ANDI,$c 2008 =650 #4$$a $aORGANISASI =850 ##$$a NBPN MAT =990 ##$$a 0001/BPAP-NTB/20142014